=LDR 00000nam 2200000 4500 =001 INLIS000000000007044 =005 20130612095114 =008 ***********************************Ind** =035 ##$$0010-061300000007044 =041 ##$$a Ind =082 ##$$a 2x0.001 3 =090 ##$$a 2x0.001 3 Put h =100 ##$$a Putra, Dalizar =245 ##$$a HAM : Hak-hak asasi manusia menurut islam, Dalizar Putra =260 ##$$a 1996 $b Jakarta =300 ##$$a 100 hlm., 21 cm =650 ##$$a Islam dan kemanusiaan